Toronto Maple Leafs multiple choice - Statistics

General Stats
  • This quiz has been taken 107 times
    11 since last reset
  • The average score is 5 of 10
Answer Stats
Question Answer % Correct
Which amazing hockey player did the Leafs pick #1 on the 2016 NHL entry draft? Auston Matthews
91%
How many times have the Leafs won the Stanley Cup? 13
82%
When was the last time the Leafs won the Stanley Cup? 1967
64%
When is the next time the Leafs will win the Stanley Cup 2027
64%
When were the Leafs first called the Toronto Maple Leafs? 1927
45%
When did the Leafs last win a series? 2025
45%
When did the Toronto Arenas start? 1917
36%
Which Leafs player scored the most goals of any leaf? Mats Sundin
36%
Who did the Leafs last win a series against? Ottawa Senators
36%
How long have the Leafs been using their current logo? 10 years(since 2016)
27%
No matching quizzes found
Score Distribution
Percent of People with Each Score
Percentile by Number Answered
Your Score History
You have not taken this quiz since the last reset